[Event "EU-ch 8th"]
[Site "Dresden"]
[Date "2007.04.06"]
[Round "4"]
[White "Iordachescu, Viorel"]
[Black "Volke, Karsten"]
[Result "1/2-1/2"]
[WhiteElo "2587"]
[BlackElo "2490"]
[Annotator "Marin,M"]
[PlyCount "71"]
[EventDate "2007.04.03"]
[EventType "swiss"]
[EventRounds "11"]
[EventCountry "GER"]
[SourceTitle "CBM 118"]
[Source "ChessBase"]
[SourceDate "2007.05.31"]
[SourceVersion "1"]
[SourceVersionDate "2007.05.31"]
[SourceQuality "1"]

1. e4 e5 2. Nf3 Nc6 3. Bc4 Bc5 4. c3 Nf6 5. d3 O-O 6. Bb3 d6 {A surprising
decision. Theory recommends maintaining this pawn on its initial square until
White defines his intentions, in order to avoid the loss of a tempo with ...
d6-d5.} (6... a6 7. Nbd2 Ba7 8. Nf1 d5) 7. h3 a6 8. Nbd2 Ba7 9. Nf1 {One of
the numerous positional schemes designed by the late Moldavian trainer
Chebanenko and employed by most of the Moldavian GMs. Although Iordachescu has
considerably widened his repertoire, he frequently switches back to the
trusted weapon of his youth.} d5 {This is the typical reaction in the centre,
enabled by the fact that White cannot set up strong pressure against the
e5-pawn with exd5 followed by Re1, as would be the case after 9.0-0.} 10. Qe2
d4 $5 {A very ambitious (but not too popular) move. Instead of fighting for
equality by exchanging on e4, Black fights for space in the centre. At some
point, ...b5 followed by ...dxc3 and ...b4 could yield him the absolute
control of the d4-square. On the other hand, the b3-bishop becomes quite
active now.} 11. N1h2 $146 {Since White's extra-tempo can be considered to be
h3, White imemdiately tries to take advantage of it. However, since the
g4-square is well controlled by Black, it is not easy to see a possible
activation of this knight in the near future.} ({Other continuations, such as
11.Ng3 or} 11. g4 $6 {were examined in the notes to the game Maiorov,O (2458)
-Lastin,A (2625)/Krasnodar 2002/CBM 091/[Lukacs] (0-1, 31)}) 11... Qd6 {
A good square for the queen, especially that Nf5 is not a threat now. Black
simply consolidates the central dark squares.} 12. O-O Be6 {Annihilating the
dangerous Italian bishop.} 13. Bxe6 fxe6 $1 {[%cal Yf6h5,Yh5f4,Ra7f2] Another
strategically ambitious move. Black opens the f-file, setting up some indirect
pressure against the f2-pawn.} ({There was nothing wrong with} 13... Qxe6 {
, of course, but this would have given White the possibility of starting some
active kingside operations with} 14. Nh4) 14. cxd4 {This obvious positional
concession was induced by Black's previous move.} ({In case of a neutral move
such as} 14. Rd1 {Black could transfer his knight to f4 with} Nh5 {since} 15.
g3 $2 {is impossible in view of} dxc3 16. bxc3 Nxg3 $17) ({Or if} 14. Bg5 {
, aiming to maintain the f2-pawn safely defended, then} Nh5 {anyway. The X-ray
attack along the d1-h5 diagonal does not offer White any favourable tactical
possibility, for instance} 15. Nxd4 $2 (15. cxd4 $6 Bxd4 $1 16. Nxd4 Nf4 $3 17.
Bxf4 Nxd4 $17 {[%cal Ye5f4]}) 15... exd4 16. Qxh5 dxc3 17. bxc3 Bxf2+ $1 {
It appears that because of the unfavourable placement of the h2-knight, the
f2-square is not sufficiently well defended.} 18. Rxf2 Rxf2 19. Kxf2 Qxh2 $19 {
and the white king is in trouble.}) 14... Bxd4 $1 (14... Nxd4 15. Nxd4 Bxd4 {
would have offered White chances to activate his knight with} 16. Nf3) 15. Be3
Rad8 $11 {/=/+ Black has completed his development and has a very good
position. The weakness of the d4-square and of the d3-pawn invites White to
permanent prudence. We can conclude that Iordachescu's novelty was not very
inspired.} 16. Rad1 Bxe3 17. Qxe3 h6 18. Rd2 Nh5 19. g3 Rd7 20. Rfd1 Rfd8 21.
Kg2 Nf6 22. a3 Nd4 23. Nxd4 exd4 24. Qe1 c5 25. Rc2 Rc7 26. b4 Nd7 27. Nf3 b6
28. Rdc1 e5 29. Nd2 Rdc8 30. Nc4 Qe6 31. Nb2 Qb3 32. Qd1 Qe6 33. Na4 Qb3 34.
Nb2 Qe6 35. Na4 Qb3 36. Nb2 1/2-1/2

[Event "World Cup"]
[Site "Khanty-Mansiysk"]
[Date "2007.11.28"]
[Round "2.2"]
[White "Nevednichy, Vladislav"]
[Black "Fressinet, Laurent"]
[Result "1/2-1/2"]
[WhiteElo "2531"]
[BlackElo "2654"]
[Annotator "Marin,M"]
[PlyCount "82"]
[EventDate "2007.11.24"]
[EventType "k.o."]
[EventRounds "7"]
[EventCountry "RUS"]
[SourceTitle "CBM 122"]
[Source "ChessBase"]
[SourceDate "2008.01.30"]
[SourceVersion "1"]
[SourceVersionDate "2008.01.30"]
[SourceQuality "1"]

1. e4 e5 2. Bc4 Nf6 3. d3 Bc5 4. Nf3 Nc6 5. c3 a6 6. Bb3 Ba7 {Even in such an
apparently peacefull opening like the Gioco Pianisimo the move order can make
a lot of difference. If White castles quickly, there is no difference at all,
but there is the additional idea of pinning the f6-knight with Bg5. With both
kings in the centre or on the kingside, the pin is not dangerous because of ...
h6 followed by ...g5. However, if Black castles early and White maintains the
possiblity of castling long, things can be more delicate for Black.} ({
Personally, I prefer} 6... O-O {Tiviakov,S (2643)-Marin,M (2551)/Reggio Emilia
2007/08 2007/CBM 122/[Marin] (0-1, 44)}) 7. h3 $5 {Still waiting.} d6 (7... O-O
{is slightly dangerous because of} 8. Bg5 ({It is curious that Moldavian
players play} 8. Nbd2 {here anyway. In the database, there are two games by
Nevednichy and one by Sanduleac which continued this way, but after this move
Black can play} d5 {without loss of time, gaining a whole tempo over our main
game.}) 8... d6 ({It probably makes sense to avoid weakening the kingside
before Black can get out of the pin.} 8... h6 9. Bh4 d6 10. Nbd2 Qe7 11. g4 g5
12. Bg3 b5 13. h4 Bxg4 14. hxg5 hxg5 15. Qc2 Nh5 16. Rg1 Ng7 17. Bh4 $1 $40 {
Nepomniashchy,Y (2602)-Bindrich,F (2469)/Kirishi 2007/CBM 118 ext (1-0, 24)})
9. Nbd2 Be6 (9... Re8 {This move does not contribute to unpinning the knight
in any way.} 10. Nf1 h6 11. Bh4 g5 12. Nxg5 $5 {This is not really necessary.
White could retreat with the bishop and castle long.} hxg5 13. Bxg5 $44 Bxf2+
$6 14. Kxf2 Nxe4+ 15. dxe4 Qxg5 16. Qf3 Be6 17. Ne3 $14 {[%csl Gd5,Gf5]
Cherniaev,A (2454)-Bick,J (2292)/Biel 2000/CBM 077 ext (1-0, 58)}) (9... Ne7
10. Nh4 Kh8 11. Bxf6 gxf6 12. Qf3 Ng6 13. Nf5 c6 14. h4 d5 15. g3 $16 {
Nepomniashchy,Y (2602)-Kurnosov,I (2566)/Sochi 2007/CBM 118 (1-0, 41). Black's
kingside structure and the passivity ofhis knight are not compensated by his
better control over the centre.}) 10. Nf1 Qe7 $1 {Bringing the queen closer to
e6.} 11. Ng3 ({After} 11. Qe2 h6 12. Bh4 g5 {the sacrifice is not danmgerous
already:} 13. Nxg5 hxg5 14. Bxg5 Bxb3 15. axb3 Qe6 $1 {followed by ...Nh7.})
11... h6 12. Bd2 d5 $11 {By carrying out this thematic opening of the centre,
Black has solved his opening problems.} 13. Bc2 dxe4 14. dxe4 Rfd8 15. O-O b5
16. Qc1 Nd7 17. Be3 Bxe3 18. Qxe3 Qc5 19. Nf5 Qxe3 {1/2-1/2 Belikov,V (2500)
-Gorelov,S (2480)/Moscow 1996/EXT 99}) 8. Nbd2 O-O 9. Nf1 {White intends to
build up a massive kingside attack, keeping the king in the centre (or,
eventually, castling long) in order to maintain the possibility of advance the
g-pawn at the right moment. Black's obvious way to counter this plan is to
open the centre, although this supposes the loss of one tempo.} d5 10. Qe2 dxe4
11. dxe4 Qe7 12. Ng3 Be6 13. Bc2 {An important moment. Those familiarized with
the Ruy Lopez would doubtlessly prefer preserving this bishop from exchange.
However, it is not always clear whether this decision really favours White.
First of all, the f5-square will be more difficult to invade now, while the
pressure exerted by the e6-bishop against the white queenside can become quite
effective. During the Merano match (1981) against Kortschnoj, Karpov employed
the Italian Game twice, in order to allow his seconds (from Merano and...
Moscow) to find an effective solution against the open variation of the Ruy
Lopez. Karpov castle short quickly, but soon after the opening he had to
decide whether to meet ...Be6 with Bc2 or just allow the exchange of bishops.
On the first occasion he chose the former and in the second-the latter. In his
comments, he stated that the former decision had been correct, but careful
analysis of the games clearly prove that the opposite was true. We cannot know
whether Karpov tried to be slightly tricky when annotating the games or if his
respect for the Spanish bishop influenced his evaluation, but one thing is
clear: there is no simple answer to the mentioned question.} (13. O-O Bxb3 $6 {
I find this exchange premature, because it allows White win some space on the
queenside.} ({I would prefer the developing move} 13... Rad8 {, when White has
problems making a useful move. The c1-bishop has no stable squares available
for development, while starting the standard "attacking" plan with} 14. Nh4 {
allows Black react in the same way as in our main game:} Bxb3 15. axb3 Qe6 16.
b4 Ne8 17. Nhf5 Nd6 $11) 14. axb3 Qe6 15. b4 Ne7 ({With the knights
harmoniously placed on g3 and f3,} 15... Ne8 {can be met by} 16. Ng5 Qd7 17.
Nf5 $14 {with strong pressure.}) 16. Nh4 Rfe8 17. Nhf5 Nxf5 18. Nxf5 g6 19.
Nh6+ Kg7 20. Bg5 Ng8 21. Nxg8 $6 (21. Ng4 $14 {would have been better, aiming
to provoke additional kingside weaknesses.}) 21... Rxg8 22. b5 axb5 23. Qxb5
Bb6 $11 {Hendriks,W (2426)-Overeem,M (2243)/Amsterdam 2006/CBM 113 ext (1-0,
70). Black has solved all his problems.}) 13... Ne8 $1 $146 (13... Rfe8 14. Nh4
$1 {Tiviakov,S (2593)-Sargissian,G (2614)/Tripoli 2004/CBM 102/[Lukacs] (1-0,
29)}) 14. O-O {White continues playing in slow mode, in accordance with
pre-established schemes.} ({Now or on the next move,} 14. Nf5 {deserved
attention, leading to interesting strategic play.} Bxf5 15. exf5 Nd6 16. Be4 (
16. O-O e4 17. Re1 Rfe8 18. Ng5 Qf6 19. Nxe4 Qxf5 {Black's better development
compensates for White'a pair of bishops.}) 16... Nxe4 17. Qxe4 f6 (17... Rad8
18. f6 $5) 18. O-O Rad8 $132) 14... Nd6 15. Re1 f6 16. Nh2 $6 {Nevednichy's
somewhat limited style of play makes itself felt. He continues with his
"attacking" plan, failing to notice that after Black's regrouping there is
nothing to be attacked on the kingside already.} (16. Nf5 $5 Qf7 $5 $13) 16...
Rad8 $15 {In the meanwhile, Black continues strengthening his position.} 17.
Ng4 Qf7 {[%csl Ga2]} 18. Bb1 $6 {In conjunction with the 20th move, this is
completely illogical.} (18. b3 Rd7 19. Bb2 Rfd8 20. Rad1 $15) 18... Kh8 19. Ne3
Rd7 20. b3 Rfd8 $17 {The difference of activity between the enemy armies has
become obvious. Black has only made useful moves, While White has pointlessly
jumped around with his knigths.} 21. Ngf1 Ne7 22. h4 Nb5 23. Bb2 Bc5 {[%csl
Gc3][%cal Gc5a3]} 24. a4 Nd6 25. c4 Nc6 26. Ng3 {Black's position is almost
identical to that after 20 moves (the bishop is on c5 instead of a7), but in
the meanwhile a lot of weaknesses have been created in White's camp. The
tactical explosion that followes is hardly surprising.} Nxc4 $1 27. Nxc4 (27.
bxc4 $2 Rd2 $19) 27... Bxc4 28. Qxc4 (28. bxc4 $2 Rd2 $19) 28... Qxc4 29. bxc4
Rd2 30. Bc3 (30. Re2 Rxe2 31. Nxe2 Rd2 32. Nc1 Nb4 33. Ba3 Bd4 34. Bxb4 Rd1+
35. Kh2 Rxc1 $17) 30... Bxf2+ 31. Kf1 Bxe1 32. Kxe1 Rxg2 $19 {Black has an
active position and a material advantage. However, Fressinet needed only a
draw to qualify, which explains the final result...} 33. Ne2 Rh2 34. Bc2 Rxh4
35. Kf2 Rh2+ 36. Kf1 h5 37. Re1 Rh1+ 38. Ng1 Rh2 39. Ne2 Rh1+ 40. Ng1 Rh2 41.
Ne2 Rh1+ 1/2-1/2

[Event "Tata Steel-A 78th"]
[Site "Wijk aan Zee"]
[Date "2016.01.19"]
[Round "4"]
[White "Karjakin, Sergey"]
[Black "Tomashevsky, Evgeny"]
[Result "1-0"]
[WhiteElo "2769"]
[BlackElo "2728"]
[Annotator "Marin,M"]
[PlyCount "72"]
[EventDate "2016.01.16"]
[EventType "tourn"]
[EventRounds "13"]
[EventCountry "NED"]
[EventCategory "20"]
[SourceTitle "CBM 171"]
[Source "ChessBase"]
[SourceDate "2016.03.14"]
[SourceVersion "2"]
[SourceVersionDate "2016.03.14"]
[SourceQuality "1"]

1. e4 e5 2. Nf3 Nc6 3. Bc4 Bc5 4. O-O Nf6 5. d3 O-O 6. Nbd2 d6 7. c3 a5 $5 {
A curious plan. Black displays early queenside ambitions, but if he will not
be able to gain queenside space with ...a5-a4 or ...b7-b5, or at least provoke
a2-a4, his last move will turn into a weakness.} ({The usual setup is based on
} 7... a6 {not only preparing the bishop retreat to a7 but also threatening to
gain the bishop pair with ...Na5, thus more or less forcing Bc4-b3.}) 8. h3 {
White has to choose his move order with care.} ({If} 8. Re1 a4 $1 (8... Ng4 $6
9. Re2 Kh8 10. h3 {Waechter,N (1754)-Benzen,M (1927) Germany 2014 (0-1, 30)}
Nh6 {is a usual plan in the position with 7...a6 8.Bb3 Ba7, but here the
exposed position of the c5-bishop tells after} 11. Nf1 f5 12. Bg5 Qe8 13. Bxh6
gxh6 14. d4 $1 $36) 9. Bb5 Bd7 $1 10. Bxa4 $2 Rxa4 $1 11. Qxa4 Nb4 12. Qb3 Nxd3
13. Rf1 Nxf2 $19 {[%cal Gf6g4]}) (8. Bb5 {allows Black gaining space with} Na7
9. Ba4 b5 10. Bc2 Nc6 11. a4 b4 12. h3 h6 13. Re1 Re8 14. Nc4 Be6 15. Ne3 d5
16. exd5 Nxd5 17. d4 exd4 18. cxd4 Bb6 $5 {[%csl Gd4]} (18... Bf8 19. Qd3 g6 {
Bastian,H (2339)-Schellmann,F (2098) Saarbruecken 2013 (1/2-1/2, 66)} 20. Ng4
$36) 19. Qd3 g6 20. Ng4 (20. Nxd5 Qxd5 21. Bxh6 Nxd4 $15) (20. Nc4 Bf5 21.
Rxe8+ Qxe8 22. Qd2 Bxc2 23. Nxb6 Nxb6 24. Qxc2 Nxd4 $1 25. Nxd4 Qe1+ 26. Kh2
Qe5+ 27. g3 Qxd4 28. Bxh6 Re8 $132 29. Rd1 $2 b3 $1 {[%csl Ga4,Gd1,Gf2]} 30.
Qxg6+ fxg6 31. Rxd4 Re2 $17) 20... Bxg4 21. Rxe8+ Qxe8 22. hxg4 Nxd4 $1 23.
Nxd4 $2 (23. Bxh6 Nxf3+ 24. Qxf3 Rd8 $132) 23... Qe1+ 24. Kh2 Qe5+ $17) (8. a4
h6 9. Re1 Ne7 10. d4 exd4 11. cxd4 Bb4 {[%csl Ga4]}) 8... Be6 ({Even with the
f2- and g4-squares defended,} 8... a4 $5 {is worth a try:} 9. Bb5 Bd7 (9... a3
10. b4 $14) 10. Bxa4 Rxa4 11. Qxa4 Nb4 12. Qd1 Nxd3 13. b4 Ba7 14. Qc2 Nxc1 15.
Raxc1 Nh5 16. Kh2 Nf4 {[%cal Gd8f6,Gg7g5,Gh7h5] with a strong initiative for
the exchange.}) 9. Re1 (9. Bb5 {leads to a familiar picture:} Na7 10. Ba4 b5
11. Bc2 Nc6 {Nedev,T (2497)-Kacakovski,D (2131) Struga 2013 (1-0, 31)}) ({
The paradoxical} 9. b3 $5 {is interesting, though. White takes measures
against ...a5-a4 without losing the queenside mobility as is the case after
a2-a4.} d5 10. exd5 Bxd5 11. Qc2 Re8 12. Re1 Qd6 13. Bb2 Rad8 14. Rad1 {
Both sides have completed their development but White's position is more
flexible.} Bxc4 $2 {Missing the hidden force of the b2-bishop.} (14... Bxf2+
15. Kxf2 Bxf3 16. Nxf3 b5 17. Bxb5 Qc5+ 18. Kf1 Qxb5 19. c4 {[%cal Gf3e5]}) (
14... Qf8 $5 $13) 15. Nxc4 Qd5 16. Ncxe5 Nxe5 17. Rxe5 Rxe5 18. c4 $16 {
1-0 (70) Areshchenko,A (2677)-Parligras,M (2586) Al Ain 2015}) 9... h6 ({
In a recent correspondence game (which is still in course as I am writing
these lines) I faced} 9... a4 $5 10. Bb5 Qb8 $1 11. Bxc6 (11. Bxa4 $2 Qa7 $19)
11... bxc6 12. d4 exd4 13. cxd4 Bb6 14. Qc2 Qa7 15. Qxc6 Rfe8 $44 {White's
poor development prevents him from enjoying the extra pawn.}) 10. Bb5 Ba7 (
10... Na7 11. Ba4 b5 12. Bc2 Nc6 13. Nf1 Bb6 14. Ng3 Ne7 {Kotan,L (2297)-Frink,
F (2250) Slovakia 2006 (1-0, 36)} 15. d4 Ng6 16. Be3) 11. Nf1 Ne7 12. Ng3 (12.
d4 exd4 (12... c6 13. Bd3 Qc7 {leads to similar play to that in the game but
with two extra tempi for White, who retreated with his bishop to d3 without
loss of time.}) 13. Nxd4 {Clearly a slight concession, but a necessary one.} (
13. cxd4 d5 $1 14. e5 Ne4 {This explains why Karjakin preferred
over-protecting e4 before occupying the centre.}) 13... Bd7 14. Bxd7 Qxd7 15.
Ng3 Rfe8 16. Qf3 {[%cal Gc1h6]} Bxd4 $6 (16... Kh7 $5 $13) 17. cxd4 d5 $6 18.
e5 Nh7 19. Be3 $14 {1-0 (46) Fedorov,A (2562)-Loetscher,R (2414) Riga 2014})
12... c6 13. Ba4 Ng6 14. Bc2 Qc7 {Black keeps developing normally.} (14... d5
$6 {is premature:} 15. exd5 Qxd5 16. Bb3 Qd6 17. Bxe6 Qxe6 18. d4 e4 19. Nd2
$16) ({But} 14... b5 $5 {would be a logical attempt to justify the exotic ...
a7-a5:} 15. d4 (15. a4 b4 16. d4 Re8 17. Be3 Qc7 18. Qd2 Rab8) 15... a4 {
Keres,P-Portisch,L October Revolution 50 1967 (2) 0-1 With a similar structure
but with different minor piece placement as in the classical game}) 15. d4 Rad8
16. Be3 Bb8 17. Bd3 Rfe8 18. Qc2 $1 ({Avoiding} 18. Qd2 d5 $1 {[%cal Gd8d2]})
18... Qe7 (18... d5 $2 {doesn't work now:} 19. exd5 Bxd5 20. Bxg6) 19. Rad1 Bc7
20. c4 {White consolidates his space advantage, partly due to the fact that
Black has refrained from ...b7-b5.} Bc8 $6 {Too passive.} ({Now was a good
moment to fight for counterplay:} 20... Nf4 21. Bf1 {[%cal Gg3f5]} ({White's
achievements after} 21. Bxf4 exf4 22. Nf5 Bxf5 23. exf5 Qd7 {are far from
clear.}) 21... N4h5 (21... g6 $6 22. Nf5 $1 Qf8 (22... gxf5 23. exf5 {[%cal
Ge3f4,Ge1e7]} Nxh3+ 24. gxh3 Bc8 25. Bxh6 $40) 23. Nxd6 $1 Rxd6 (23... Bxd6 24.
dxe5 $18) 24. Bxf4 exf4 25. e5 $36) 22. Ne2 g5 $5 $14 {/<=>}) 21. a3 {[%cal
Gb2b4]} exd4 $6 {This practically loses without too much fight.} (21... Nf4 $5
{looks again like the only chance to fight back.}) 22. Nxd4 $16 Qf8 23. f4 {
There is nothing to stop White's slow attack.} Nd7 24. Qf2 Nf6 25. Nf3 Re7 26.
Kh1 Kh8 27. Bc2 Ree8 28. b4 axb4 29. axb4 d5 $2 {Black obviously lost patience,
which is quite understandable in such a passive position.} 30. e5 $18 Ne4 31.
Bxe4 dxe4 32. Rxd8 Rxd8 33. Bc5 Qe8 34. Rxe4 Ne7 35. Nd4 b6 36. Bd6 Bxd6 1-0